Responses for Show #3611 - Monday, April 24, 2000

Contestants

[<< previous game]

Greg Dwyer, a software developer from Houston, Texas

Ann Kupitz, a CPA and stay-at-home mom from Vernon Hills, Illinois

Kate Lowe, an Internet copywriter from Shoreview, Minnesota (whose 1-day cash winnings total $7,001)

[next game >>]

Jeopardy! Round responses

THE LIBRARY OF CONGRESS
(Alex: A celebration of its 200th birthday.)
ROCK 'N' POP
SOUTH AMERICAN CITIES
THE BODY
LEGAL BRIEFS
THEY'RE BA-A-CK!
    $100 2
U.S. Capitol

Greg
    $100 1
Simon and Garfunkel

Greg
    $100 11
(K: What is Rio de Janeiro?)

Sao Paulo

KateGreg
    $100 15
Eye

Greg
    $100 17
Versus

Greg
    $100 22
(with about a minute left...)

Game shows

Kate
    $200 3
(K: What is an album?)
(A: What is a record?)
(G: What is a phonograph?)

Motion picture

KateAnnGreg
Triple Stumper
    $200 7
Roy Orbison

Kate
    $200 12
Montevideo

Greg
    $200 18
Breaking and entering

Kate
    $200 23
Red meats

Kate
    $300 4
Gutenberg Bible

Greg
    $300 8
Tom Petty (and the Heartbreakers)

Triple Stumper
    $300 13
Medellin

Greg
    $300 19
Assistant District Attorney

Kate
    $300 24
(A: What is the Mustang?)

Thunderbird

Ann
Triple Stumper
    $400 5
(K: Who is Thomas Jefferson?)

James Madison

KateGreg
    $400 9
"Born in the U.S.A."

Greg
    $400 14
La Paz, Bolivia

Ann
    $400 20
Public Defender

Kate
    $400 25
Cher

Greg
    $500 6
Robert Frost

Greg
    $500 10
"19th Nervous Breakdown"

Triple Stumper
    $700 16
Lima, Peru

Greg
    $500 27
(K: What are the...esophagal?)
(A: What are brachii...brachial tubes?)
(buzzer sounds)

Bronchial tubes

KateAnn
Triple Stumper
    $500 21
Juvenile Court

Ann
    $500 26
Capri pants

Kate

Scores at the first commercial break (after clue 13):

Kate Ann Greg
-$500 -$200 $2,200

Scores at the end of the Jeopardy! Round:

Kate Ann Greg
$700 -$100 $3,500

Double Jeopardy! Round responses

POLITICALLY CORRECT
ANDRES & ANDREAS
THE 1980s
RITA HAYWORTH
LET'S GET BIBLICAL
PLANETARY NAMES
    $200 11
New York

Kate
    $200 23
Andre Agassi

Greg
    $200 17
Pope John Paul II

Greg
    $200 20
Carmen

Ann
    $200 1
3

Ann
    $200 5
(G: What is "Pac-Man?")

Saturn

Greg
Triple Stumper
    $400 12
Pete Wilson

Greg
    $400 24
Andrea McArdle

Ann
    $400 18
Pornography

Ann
    $400 19
Charlie Chan

Kate
    $400 2
Matthew or Luke

Ann
    $1,000 7
Venus

Ann
    $600 13
"A Bridge to the 21st Century"

Kate
    $600 25
Andre Previn

Kate
    $600 21
(with a minute to go...)

Air traffic controllers

Greg
    $600 26
(buzzer sounds)

Ziegfeld Follies

Ann
    $600 3
Amos

Triple Stumper
    $600 8
Mercury

Greg
    $1,300 14
District of Columbia

Kate
    $800 22
Uganda

Triple Stumper
    $800 4
Elijah

Ann
    $800 9
Frank Mars

Kate
    $1000 15
(A: What is New Zealand?)

Luxembourg

Ann
Triple Stumper
    $1000 16
Aral Sea

Ann
    $1000 6
(A: Who were the Pharisees?)

Nazarites

Ann
Triple Stumper
    $1000 10
(K: What is Pluto?)
(Alex: Burt Reynolds once had a playhouse in Jupiter.)

Jupiter

Kate
Triple Stumper

Scores at the end of the Double Jeopardy! Round:

Kate Ann Greg
$3,600 $2,900 $5,300

[wagering suggestions for these scores]

Final Jeopardy! Round responses

PLAYS & PLAYWRIGHTS
(Alex: Those historical dramas were about three kings of Sweden.)
AnnWho is Ibsen?
$701
KateWho is Ibsen?
$3,600
GregWho is Strindberg?
$2,000
August Strindberg

Final scores:

Kate Ann Greg
$0 $2,199 $7,300
3rd place: 1-800-Gift Certificate 2nd place: Gear.com Online Shopping Spree New champion: $7,300

Game dynamics:

Coryat scores:

Kate Ann Greg
$3,100 $2,300 $5,100
13 R
(including 1 DD),
5 W
11 R
(including 1 DD),
5 W
18 R
(including 1 DD),
2 W

Combined Coryat: $10,500

[game clues] [game scores] [suggest correction]

Game tape date: Unknown
The J! Archive is created by fans, for fans. Scraping, republication, monetization, and malicious use prohibited; this site may use cookies and collect identifying information. See terms. The Jeopardy! game show and all elements thereof, including but not limited to copyright and trademark thereto, are the property of Jeopardy Productions, Inc. and are protected under law. This website is not affiliated with, sponsored by, or operated by Jeopardy Productions, Inc. Join the discussion at JBoard.tv.